000 01091cam a2200325 a 4500
001 225308
003 OSt
005 20140310182020.0
008 981109s1998 ohua b 000 1 eng d
010 _a 99190563
020 _a076960496X
035 _a(OCoLC)40263658
040 _aNmF
_cNmF
_dDLC
042 _alccopycat
_alcac
050 0 0 _aPZ 7
_b.C712 1998
082 0 0 _aKF
_bC69 1998
100 1 _aCollins, Terry
_q(Terry Carlson)
_97031
245 1 0 _aNeighborhood meltdown /
_cwritten by Terry Collins.
260 _aAshland, Ohio :
_bLandoll, Inc.,
_c1998.
300 _a1 v. (unpaged) :
_bcol. ill. ;
_c21 cm.
500 _a"Small soldiers."
500 _a"Based upon the screenplay by Gavin Scott and Adam Rifkin and Ted Elliott & Terry Rossio."
541 _j1
562 _e1
650 1 _aToys
_vFiction.
_97032
730 0 _aSmall soldiers (Motion picture)
_97033
906 _a7
_bcbc
_ccopycat
_d2
_encip
_f19
_gy-gencatlg
942 _2lcc
_cBK-KF
_kKF
999 _c8340
_d8340